Unequal Lives: (Record no. 167052)

MARC details
000 -LEADER
fixed length control field 00614nam a22001817a 4500
010 ## - LCCN (DPL NO)
LC control number ENG-126236
020 ## - INTERNATIONAL STANDARD BOOK NUMBER
International Standard Book Number 978-81-925573-3-4
Terms of availability 800.00
035 ## - SYSTEM CONTROL NUMBER
System control number EN-109768
037 ## - SOURCE OF ACQUISITION
Source of stock number/acquisition DBAD/PUB
082 ## - DEWEY DECIMAL CLASSIFICATION NUMBER
Classification number 362.10420941
100 ## - MAIN ENTRY--PERSONAL NAME
Personal name Gupta,Manoj
245 ## - TITLE STATEMENT
Title Unequal Lives:
Statement of responsibility, etc by Manoj Gupta
Remainder of title Child,Health Socioeconomic Inequalities/
260 ## - PUBLICATION, DISTRIBUTION, ETC. (IMPRINT)
Place of publication, distribution, etc New Delhi
Name of publisher, distributor, etc Pawan Publications
Date of publication, distribution, etc 2018
270 ## - ADDRESS
Address 1st Floor, H-I/48, Bengali Colony Mahaveer Enclave
City New Delhi
Postal code 110045
300 ## - PHYSICAL DESCRIPTION
Extent 240p.
Other physical details 20cm(pbk)
Dimensions ill
500 ## - GENERAL NOTE
General note it Includes Index and Bibliography
942 ## - ADDED ENTRY ELEMENTS (KOHA)
Source of classification or shelving scheme Dewey Decimal Classification
Item type English Books
Classification part 362.10420941
Call number suffix GUP
Holdings
Withdrawn status Lost status Not for loan Collection code Home library Current library Date acquired Source of acquisition Cost, normal purchase price Full call number Barcode Copy number Cost, replacement price Koha item type
      Non-fiction Peshwa Road Peshwa Road 20/08/2019 DBAD/PUB 800.00 362.10420941 GUP EN-109768 1 800.00 English Books

© Delhi Public Library
Hit Counter
free hit counter